Los dragones del Edén / (Record no. 124465)

MARC details
000 -CABECERA
campo de control de longitud fija 00886nam a2200241 a 4500
005 - FECHA Y HORA DE LA ÚLTIMA TRANSACCIÓN
campo de control 20250619063853.0
008 - ELEMENTOS DE LONGITUD FIJA--INFORMACIÓN GENERAL
campo de control de longitud fija 991125s1993 es 000 0 spa u
020 ## - NÚMERO INTERNACIONAL NORMALIZADO PARA LIBROS
Número Internacional Estándar del Libro 8447302245
035 ## - NÚMERO DE CONTROL DEL SISTEMA
Número de control de sistema UPN01000152342
049 ## - COLECCIÓN
Colección CG
050 #4 - SIGNATURA TOPOGRÁFICA DE LA BIBLIOTECA DEL CONGRESO
Número de clasificación BF431
Número de documento/Ítem S2.2a
100 1# - ASIENTO PRINCIPAL--NOMBRE PERSONAL
Nombre de persona Sagan, Carl,
Fechas asociadas al nombre 1934-1996
9 (RLIN) 29894
245 14 - MENCIÓN DE TÍTULO
Título Los dragones del Edén /
Mención de responsabilidad, etc. Carl Sagan ; tr. Rafael Andreu.
260 ## - PUBLICACIÓN, DISTRIBUCIÓN, ETC.
Lugar de publicación, distribución, etc. Barcelona, Esp. :
Nombre del editor, distribuidor, etc. RBA,
Fecha de publicación, distribución, etc. 1993.
300 ## - DESCRIPCIÓN FÍSICA
Extensión 266 p. :
Otras características físicas il.
440 #0 - MENCIÓN DE SERIE/ASIENTO SECUNDARIO--TÍTULO
Título Biblioteca de divulgación científica ;
Designación de volumen o secuencia 9
500 ## - NOTA GENERAL
Nota general "La singular historia de evolución del cerebro humano. ¿Recoge la memoria genética del recuerdo de las contradicciones entre los diferentes estratos evolutivos de nuestro cerebro?"
534 ## - NOTA SOBRE LA VERSIÓN ORIGINAL
Frase introductoria Traducción de:
Mención de título del original The dragons of Eden
650 #4 - ASIENTO SECUNDARIO DE MATERIA - TERMINO TEMATICO
Término de materia o nombre geográfico como elemento de entrada Inteligencia
9 (RLIN) 939
650 #4 - ASIENTO SECUNDARIO DE MATERIA - TERMINO TEMATICO
Término de materia o nombre geográfico como elemento de entrada Cerebro
9 (RLIN) 5053
650 #4 - ASIENTO SECUNDARIO DE MATERIA - TERMINO TEMATICO
Término de materia o nombre geográfico como elemento de entrada Psicología genética
9 (RLIN) 4967
905 ## - TIPO DE MATERIAL
Tipo de material Libro
Holdings
Estado de retiro Estado de pérdida Fuente del sistema de clasificación o colocación Estado dañado No para préstamo Código de colección Localización permanente Ubicación/localización actual Ubicación en estantería Total de préstamos Clasificación Código de barras Fecha visto por última vez Número de copia Tipo de ítem Koha
    Library of Congress Classification     Colección General Bib. Gregorio Torres Quintero Bib. Gregorio Torres Quintero Planta baja 9 BF431 S2.2a 252228 31/12/2020 1 Libro